00425nam a2200121Ia 4500008004100000024004800041082001600089100006000105245005300165260002600218600002100244650003800265260210s9999 xx 000 0 und d a99B-25-BS3, 99B-52-BS3 & 99B-23-BS3 a4.62072 UMA aUmair Mumtaz, , S. Obaid Bin Talha & Saleem Suleman 0aWireless Application Based Information Protocols aKarachi:bUITU,c1999 aComputer Science aBachelor of Computer Science (BS)